Kategorizácia formátov obsahového marketingu na internete

Vizualizácia a charakteristika formátov obsahového marketingu na internete.

Uložené v:
Podrobná bibliografia
Hlavný autor: Kuchta, Martin, 1990-
Médium: Kapitola
Jazyk:Slovak
Predmet:
Tagy: Pridať tag
Žiadne tagy, Buďte prvý, kto otaguje tento záznam!

MARC

LEADER 00000naa a2200000 4500
001 0260894
005 20240502074134.6
041 0 |a slo 
044 |a SK 
245 1 0 |a Kategorizácia formátov obsahového marketingu na internete  |c Martin Kuchta 
520 |a Vizualizácia a charakteristika formátov obsahového marketingu na internete. 
610 2 0 |a marketing elektronický 
610 2 0 |a internet 
610 2 0 |a grafika počítačová 
610 2 0 |a značky 
100 1 |a Kuchta, Martin, 1990-